00730nam a2200205 a 450000100060000000300080000600500170001400800410003103500190007204000320009104100080012308200280013124500960015926000690025530000270032450400390035165000630039070000300045370000410048333235BD-RjUL20211209051954.0140430s1985 ii b 101 0 eng  a(BD-RjUL)33326 aDLCcDLCdDLCdBD-RjULbeng aeng00a300.72054219bRES 198500aResearch methodology in social science in India /ceditors, L.P. Vidyarthi and A.K. Haldar. aNew Delhi :bToday & Tomorrowʼs Printers and Publishers,c1985. axiii, 246 p. ;c23 cm. aIncludes bibliographies and index. 0aSocial sciencesxResearchzIndiaxMethodologyxCongresses.1 aVidyarthi, Lalita Prasad.1 aHaldar, A. K.q(Asesh Kumar),d1943-